000 00693nam a2200205Ia 4500
003 GCL
008 140319s9999 xx 000 0 ara d
040 _aGCL /
_cGCL
082 0 4 _a922.589
_bح ا
100 1 _aحارث سليمان الضارى
245 1 0 _aالأمام الزهرى وأثره فى السنة :
_bرسالة دكتوراه /
_cحارث سليمان الضارى
700 1 _aمحمد سيد ندا (اشراف)
260 _aالعراق :
_bمكتبة بسام للنشر والتوزيع ،
_c1985
300 _a522 ؛
_c24 سم
490 _a
650 0 4 _aالاسلام
650 0 4 _aالاسلام - تراجم
650 0 4 _aالزهرى
942 _2ddc
_cBK
999 _c44188
_d44188